<A> Simple model of an international lender of last resort

Guardado en:
Detalles Bibliográficos
Autor principal: Goodhart, Charles A.E
Otros Autores: Huang, Haizhou
Formato: Libro
Lenguaje:inglés
Publicado: Washington International Monetary Fund 2000
Colección:IMF Working Paper WP/00/75
Materias:
Etiquetas: Agregar Etiqueta
Sin Etiquetas, Sea el primero en etiquetar este registro!

MARC

LEADER 00000nam a2200000 4500
001 c124241
005 20221221083604.5
041 0 |a eng 
044 |a US 
245 1 0 |a <A> Simple model of an international lender of last resort  |c Charles A.E. Goodhart and Haizhou Huang 
264 1 |a Washington  |b International Monetary Fund  |c 2000 
300 |a 13 s. 
490 1 |a IMF Working Paper  |v WP/00/75 
830 0 |a IMF Working Paper  |v WP/00/75 
610 2 0 |a veritelia 
610 2 0 |a kríza banková 
610 2 0 |a kríza menová 
610 2 0 |a banky centrálne 
100 1 |a Goodhart, Charles A.E. 
700 1 |a Huang, Haizhou